[Event "Madrid-ch sf"]
[Site "Madrid"]
[Date "2022.05.08"]
[Round "5"]
[White "Santamaria Baeza, Adolfo"]
[Black "Feal Albala, Alonso"]
[Result "1-0"]
[WhiteElo "1870"]
[BlackElo "1892"]
[PlyCount "55"]
[EventDate "2022.05.04"]
[EventType "swiss"]
[EventRounds "9"]
[EventCountry "ESP"]
[SourceTitle "EXT 2023"]
[Source "ChessBase"]
[SourceDate "2022.10.05"]
[SourceVersion "1"]
[SourceVersionDate "2022.10.05"]
[SourceQuality "1"]

1. e4 c5 2. Nf3 Nc6 3. Nc3 Nf6 4. Bc4 e6 5. d3 a6 6. a4 Be7 7. 0-0 0-0 8. e5 Ng4 9. Re1 Qc7 10. Bf4 f6 11. exf6 Qxf4 12. fxe7 Nxe7 13. Re4 Qf5 14. h3 Nh6 15. Re5 Qf7 16. Rxc5 d5 17. Bb3 Ng6 18. Qe2 Qe7 19. d4 b6 20. Rxd5 Nf4 21. Qe3 Bb7 22. Re5 Rf6 23. Ne4 Bxe4 24. Qxe4 Raf8 25. Ng5 Rg6 26. Nxe6 Nxh3+ 27. Kh2 Rf7 28. Qa8+ 1-0

[Event "Madrid-ch Previa-B"]
[Site "Madrid"]
[Date "2022.03.26"]
[Round "9"]
[White "Santamaria Baeza, Adolfo"]
[Black "Feal Albala, Alonso"]
[Result "0-1"]
[WhiteElo "1875"]
[BlackElo "1809"]
[PlyCount "138"]
[EventDate "2022.03.03"]
[EventType "swiss"]
[EventRounds "9"]
[EventCountry "ESP"]
[SourceTitle "EXT 2023"]
[Source "ChessBase"]
[SourceDate "2022.10.05"]
[SourceVersion "1"]
[SourceVersionDate "2022.10.05"]
[SourceQuality "1"]

1. e4 c5 2. Nf3 Nc6 3. d4 cxd4 4. Nxd4 Nf6 5. Nc3 e5 6. Ndb5 d6 7. Bg5 a6 8. Na3 b5 9. Nd5 Be7 10. Bxf6 Bxf6 11. c3 Bg5 12. Bd3 Ne7 13. Nb4 0-0 14. 0-0 Bb7 15. Qg4 Ng6 16. Rad1 Nf4 17. h4 Bxh4 18. g3 Nxd3 19. Rxd3 Be7 20. Nd5 Bxd5 21. Rxd5 Qb6 22. Kg2 Qb7 23. Rfd1 Rac8 24. Nc2 Rfd8 25. Ne3 Qd7 26. Nf5 g6 27. Rxe5 Bf8 28. Red5 Qe6 29. f3 Kh8 30. Ne3 f5 31. Qh3 Re8 32. e5 dxe5 33. Rd7 Bg7 34. Rh1 h5 35. Rhd1 f4 36. Nd5 Qxh3+ 37. Kxh3 Rcd8 38. Nc7 Rxd7 39. Rxd7 Rf8 40. Ne6 Rg8 41. gxf4 exf4 42. Nxf4 Be5 43. Nd3 Bb8 44. Kh4 Rg7 45. Rd5 Kh7 46. Nc5 a5 47. Nd7 Bc7 48. Nf6+ Kh6 49. Rxb5 Bd8 50. Kg3 Bxf6 51. Rxa5 Rb7 52. b4 Bxc3 53. a3 Be1+ 54. Kg2 h4 55. Kh3 Rc7 56. Re5 Bg3 57. Re3 Kh5 58. Re2 Rc3 59. a4 Rxf3 60. Kg2 Rf4 61. Rb2 Kg4 62. Rb1 h3+ 63. Kg1 Re4 64. a5 Be1 65. a6 Bxb4 66. Kh1 Bc5 67. Ra1 Kg3 68. Rc1 Re2 69. Rc3+ Be3 0-1

[Event "Benidorm op U2000 18th"]
[Site "Benidorm"]
[Date "2019.12.04"]
[Round "6"]
[White "Nilsson, Weine"]
[Black "Santamaria Baeza, Adolfo"]
[Result "1-0"]
[WhiteElo "1913"]
[BlackElo "1834"]
[PlyCount "98"]
[EventDate "2019.11.29"]
[EventType "swiss"]
[EventRounds "10"]
[EventCountry "ESP"]
[SourceTitle "EXT 2022"]
[Source "ChessBase"]
[SourceDate "2021.10.06"]
[SourceVersion "1"]
[SourceVersionDate "2021.10.06"]
[SourceQuality "1"]

1. Nf3 Nc6 2. g3 e5 3. d3 d5 4. Bg2 Nf6 5. 0-0 Be7 6. Nbd2 Bf5 7. c4 d4 8. Qa4 Qd6 9. Nxe5 Qxe5 10. Bxc6+ Bd7 11. Bxd7+ Nxd7 12. Nf3 Qxe2 13. Kg2 Kd8 14. Re1 Qxd3 15. Qxd7+ Kxd7 16. Ne5+ Kd8 17. Nxd3 Bf6 18. Bf4 a5 19. Be5 Ra6 20. Re4 Re8 21. Rxd4+ Kc8 22. Bxf6 Rxf6 23. Re1 Rxe1 24. Nxe1 c5 25. Rd5 b6 26. f3 Kc7 27. Kf2 Kc6 28. Nd3 Kc7 29. h4 Re6 30. Nf4 Re8 31. g4 Kc6 32. Nd3 f6 33. Rh5 h6 34. Rd5 Re7 35. g5 fxg5 36. hxg5 a4 37. gxh6 gxh6 38. Rf5 Re6 39. Nf4 Rd6 40. Nd5 b5 41. b3 axb3 42. axb3 bxc4 43. bxc4 Re6 44. Rf6 Kd6 45. f4 h5 46. Kg3 Kd7 47. Rxe6 Kxe6 48. Kh4 Kf5 49. Kxh5 Ke6 1-0

[Event "Tres Cantos op 11th"]
[Site "Tres Cantos"]
[Date "2019.06.30"]
[Round "9"]
[White "Santamaria Baeza, Adolfo"]
[Black "Gonzalez Berrendero, Carlos"]
[Result "1-0"]
[WhiteElo "1855"]
[BlackElo "1819"]
[PlyCount "103"]
[EventDate "2019.06.22"]
[EventType "swiss"]
[EventRounds "9"]
[EventCountry "ESP"]
[SourceTitle "CBM 195 Extra"]
[Source "ChessBase"]
[SourceDate "2020.05.31"]
[SourceVersion "1"]
[SourceVersionDate "2020.05.31"]
[SourceQuality "1"]

1. e4 c5 2. Nf3 d6 3. d4 cxd4 4. Qxd4 Nc6 5. Bb5 Bd7 6. Bxc6 Bxc6 7. Nc3 e5 8. Qc4 Rc8 9. Be3 Nf6 10. Bg5 Be7 11. Bxf6 gxf6 12. Qd3 Rg8 13. Nh4 Qb6 14. 0-0 Kd7 15. Qh3+ Kc7 16. Nf5 Rce8 17. Qxh7 Rgf8 18. Nxe7 Rxe7 19. Qh6 Ree8 20. Rad1 Qc5 21. Nd5+ Bxd5 22. Rxd5 Qc6 23. Qxf6 Re6 24. Qg7 Qe8 25. Qg3 Rg6 26. Qd3 Rfg8 27. g3 Rh8 28. Rd1 Rhh6 29. Qa3 a6 30. Qa5+ Kb8 31. Qb6 Qd7 32. h4 Qe7 33. Kf1 Qd7 34. R1d3 Qh3+ 35. Ke2 Qg4+ 36. Ke3 Qd7 37. Ra5 d5 38. Qc5 d4+ 39. Kd2 Re6 40. Qf8+ Ka7 41. Rd5 Qc7 42. Rd8 Rhf6 43. Ra8+ Kb6 44. Rb3+ Kc6 45. Rc8 Rxf2+ 46. Ke1 Ref6 47. Rxc7+ Kxc7 48. Qe7+ Kc8 49. Qxb7+ Kd8 50. Qd5+ Ke8 51. Qxe5+ Kf8 52. Rb8+ 1-0

[Event "Tres Cantos op 10th"]
[Site "Tres Cantos"]
[Date "2018.06.22"]
[Round "2.3"]
[White "Santamaria Baeza, Adolfo"]
[Black "Valles Moreno, Ivan"]
[Result "0-1"]
[WhiteElo "1922"]
[BlackElo "2424"]
[PlyCount "102"]
[EventDate "2018.06.21"]
[EventType "swiss"]
[EventRounds "9"]
[EventCountry "ESP"]
[SourceTitle "EXT 2024"]
[Source "ChessBase"]
[SourceDate "2023.10.10"]
[SourceVersion "1"]
[SourceVersionDate "2023.10.10"]
[SourceQuality "1"]

1. e4 e5 2. Nf3 Nc6 3. Bc4 Nf6 4. d3 Be7 5. 0-0 0-0 6. c3 d6 7. b4 a6 8. Re1 b5 9. Bb3 a5 10. bxa5 Nxa5 11. Bc2 c5 12. Nbd2 Nc6 13. Nf1 Be6 14. a4 b4 15. Bd2 bxc3 16. Bxc3 Nd7 17. Ne3 Nd4 18. a5 Qc7 19. Nc4 Bg4 20. Bxd4 cxd4 21. Qe2 Nc5 22. Nb6 Ra7 23. Rec1 Qd8 24. Bd1 Kh8 25. h3 Be6 26. Nd2 Bg5 27. Ra3 g6 28. Rca1 f5 29. f3 Bf4 30. Nf1 fxe4 31. dxe4 Qg5 32. Kh1 Bc1 33. f4 Bxf4 34. Rf3 Qh6 35. Nh2 d3 36. Qf1 Nxe4 37. Qxd3 Bf5 38. Kg1 Ng5 39. Qxd6 Nxf3+ 40. Bxf3 e4 41. Qd4+ Qg7 42. Qxg7+ Kxg7 43. Nd5 Bxh2+ 44. Kxh2 exf3 45. gxf3 Rfa8 46. Rc1 Rxa5 47. Rc7+ Kh6 48. Nf6 R5a7 49. Rc4 Kg7 50. Rc6 Rd8 51. Kg3 Rf7 0-1

[Event "Madrid-ch Previa-A"]
[Site "Madrid"]
[Date "2018.02.12"]
[Round "4"]
[White "Santamaria Baeza, Adolfo"]
[Black "De Dompablo Fantova, Juan"]
[Result "1-0"]
[WhiteElo "1846"]
[BlackElo "1688"]
[PlyCount "91"]
[EventDate "2018.02.05"]
[EventType "swiss"]
[EventRounds "9"]
[EventCountry "ESP"]
[SourceTitle "EXT 2020"]
[Source "ChessBase"]
[SourceDate "2019.10.17"]
[SourceVersion "1"]
[SourceVersionDate "2019.10.17"]
[SourceQuality "1"]

1. e4 g6 2. Nf3 d6 3. d4 Bg7 4. c3 Nf6 5. Bd3 0-0 6. 0-0 c5 7. d5 e6 8. Bg5 h6 9. Bh4 Qc7 10. Na3 exd5 11. exd5 Bg4 12. h3 Bxf3 13. Qxf3 Nbd7 14. Rfe1 Rfe8 15. Bb5 Rxe1+ 16. Rxe1 g5 17. Bg3 Ne5 18. Bxe5 dxe5 19. d6 Qxd6 20. Qxb7 Rd8 21. Nc4 Qb8 22. Qxb8 Rxb8 23. a4 Nd5 24. Nxe5 Nf4 25. Nc6 Rb7 26. Re8+ Kh7 27. g3 Ng6 28. Ra8 Rd7 29. Rxa7 Rd1+ 30. Kg2 Rd2 31. b4 cxb4 32. cxb4 Ne5 33. Nxe5 Bxe5 34. Rxf7+ Bg7 35. a5 Kg6 36. Rf3 h5 37. Be8+ Kh6 38. a6 Ra2 39. b5 Bd4 40. h4 Re2 41. hxg5+ Kxg5 42. Bd7 Bb6 43. Rf8 Rd2 44. Be8 Rd8 45. f4+ Kg4 46. Bxh5+ 1-0